Communication & broadcasting.
שמור ב:
| הכותר הקודם: | Communication systems Sound and vision broadcasting Point-to-point communication |
|---|---|
| Corporate Authors: | , |
| פורמט: | כתב-עת |
| שפה: | English |
| יצא לאור: |
Chelmsford, Eng. :
Marconi Co. Ltd.
|
| נושאים: |
| LEADER | 02742cas a2200601 a 4500 | ||
|---|---|---|---|
| 001 | c000282077 | ||
| 003 | CARM | ||
| 005 | 20080501141125.0 | ||
| 008 | 770311d19741988enk x p 0 a0eng | ||
| 010 | |a 75641098 | ||
| 019 | 1 | |a 896036 |5 LACONCORD2021 | |
| 022 | |a 0305-3601 | ||
| 030 | |a COBRDB | ||
| 035 | |a (OCoLC)2240471 |5 LACONCORD2021 | ||
| 040 | |a LC |b eng |c LC |d LC |d VCAV | ||
| 041 | 0 | |a eng |b fre |b ger |b spa | |
| 042 | |a lc |a nsdp | ||
| 050 | 0 | 0 | |a TK5101.A1 |b C625 |
| 082 | 0 | 4 | |a 621.38/05 |
| 210 | 0 | |a Commun. broadcast | |
| 222 | 0 | |a Communication & broadcasting | |
| 245 | 0 | 0 | |a Communication & broadcasting. |
| 246 | 2 | |a Communication and broadcasting | |
| 260 | |a Chelmsford, Eng. : |b Marconi Co. Ltd. | ||
| 300 | |a v. : |b ill. ; |c 30 cm. | ||
| 362 | 1 | |a Ceased with no. 29 in Mar. 1988. | |
| 362 | 0 | |a v. 1, no. 1 (Summer 1974)-no. 29 (Mar. 1988) | |
| 500 | |a Journal of Marconi Communication Systems Limited. | ||
| 510 | 2 | |a Engineering index annual (1968), |x 0360-8557 | |
| 510 | 2 | |a Engineering index monthly (1984), |x 0742-1974 | |
| 510 | 2 | |a Engineering index bioengineering abstracts, |x 0736-6213 | |
| 510 | 2 | |a Engineering index energy abstracts, |x 0093-8408 | |
| 510 | 2 | |a International aerospace abstracts, |x 0020-5842 | |
| 510 | 1 | |a Computer & control abstracts, |x 0036-8113, |b Summer 1974- | |
| 510 | 1 | |a Electrical & electronics abstracts, |x 0036-8105, |b Summer 1974- | |
| 510 | 1 | |a Physics abstracts. Science abstracts. Series A, |x 0036-8091, |b Summer 1974- | |
| 510 | 2 | |a Electronic publishing abstracts, |x 0739-2907 | |
| 515 | |a Issues for summer 1974-Oct. 1985 called v. 1-10; Sept. 1986-Mar. 1988 called no. 27-29. | ||
| 546 | |a Summaries in French, German and Spanish. | ||
| 580 | |a Formed by the union of: Point-to-point communication, Sound and vision broadcasting, and: Communication systems. | ||
| 650 | 0 | |a Telecommunication |v Periodicals. | |
| 710 | 2 | |a Marconi Communication Systems Limited. | |
| 710 | 2 | |a Marconi Company. | |
| 780 | 1 | 4 | |t Communication systems |
| 780 | 1 | 4 | |t Sound and vision broadcasting |x 0038-1829 |
| 780 | 1 | 4 | |t Point-to-point communication |x 0032-2334 |
| 852 | 8 | |b CARM |h A1:AR01D0 |i F03873 |p 0394453 |f SE | |
| 852 | 8 | |b CARM |h A1:AR11C5 |i F03967 |p 0394183 |f SE | |
| 866 | 0 | |a 1:1(1974:Sum.)-29(1988:03) Inc. | |
| 866 | 0 | |a 1:1(1974:Sum.)-29(1988:03) Inc. | |
| 999 | f | f | |i c2af60ab-0dcc-545e-9bcc-6969536975d5 |s ee9eb2c3-5c50-502a-917a-24c3e1debd17 |
| 952 | f | f | |p Can circulate |a CAVAL |b CAVAL |c CAVAL |d CARM 1 Store |e F03967 |f A1:AR11C5 |h Other scheme |i book |k 5:1(1979:07)-8:3(1983:07) |m 0394183 |
| 952 | f | f | |p Can circulate |a CAVAL |b CAVAL |c CAVAL |d CARM 1 Store |e F03873 |f A1:AR01D0 |h Other scheme |i book |k 1:1(1974:Sum.), 2:1(1975:Spr.)-4:3(1978:Sum.); 9:1(1983:Oct.)-10:1(1985:10); 27(1986:09)-29(1988:03) |m 0394453 |